| 000 | 00470nam a2200181Ia 4500 | ||
|---|---|---|---|
| 001 | 20927 | ||
| 005 | 20260306172841.0 | ||
| 008 | 260306t2018||||xx |||||||||||||| ||spa|| | ||
| 041 | _aESP | ||
| 082 |
_a343.8 _bY13 |
||
| 100 |
_aYacolca Estares, Daniel _eAUT |
||
| 245 | 0 | _aDerecho procesal tributario, planificación fiscal y penal tributario | |
| 260 | _c2018 | ||
| 300 |
_a798 pƔginas : _c25 cm. |
||
| 650 | _aGEN | ||
| 654 | _aCCO | ||
| 942 |
_cLIB _dJUS _fJUS _2ddc _n |
||
| 999 |
_c20927 _d20927 |
||